书目信息 |
| 题名: |
中国出版通史
|
|
| 作者: | 曹之 著 | |
| 分册: | 3 隋唐五代卷 | |
| 出版信息: | 北京 中国书籍出版社 2008 |
|
| 页数: | 485页 | |
| 开本: | 25cm | |
| 丛书名: | ||
| 单 册: | ||
| 中图分类: | G239.29 , G239.29.41 | |
| 科图分类: | ||
| 主题词: | 出版工作--文化史--中国 , 出版工作--文化史--中国--隋唐时代 , 出版工作--文化史--中国--五代十国时期 , 出版事业 , 文化史 | |
| 电子资源: | ||
| ISBN: | 978-7-5068-1785-1 | |
| 000 | 00919nam0 2200289 450 | |
| 001 | 2333209402 | |
| 005 | 20231211184759.64 | |
| 010 | @a978-7-5068-1785-1@d64.00CNY | |
| 100 | @a20090803d2008 em y0chiy0120 ea | |
| 101 | 0 | @achi |
| 102 | @aCN@b110000 | |
| 105 | @aa z 000yy | |
| 200 | 1 | @a中国出版通史@Azhong guo chu ban tong shi@h3@i隋唐五代卷@b专著@f曹之著 |
| 210 | @a北京@c中国书籍出版社@d2008 | |
| 215 | @a485页@c图,书影@d25cm | |
| 300 | @a国家社会科学基金重点项目 | |
| 330 | @a本书内容包括:隋代图书编撰、唐代出版的历史背景、五代十国的图书出版与流通等。 | |
| 606 | 0 | @a出版工作@x文化史@y中国 |
| 606 | 0 | @a出版工作@x文化史@y中国@z隋唐时代 |
| 606 | 0 | @a出版工作@x文化史@y中国@z五代十国时期 |
| 606 | 0 | @a出版事业 |
| 606 | 0 | @a文化史 |
| 690 | @aG239.29@v5 | |
| 690 | @aG239.29.41@v5 | |
| 701 | 0 | @a曹之@Acao zhi@f(1944.10~)@4著 |
| 801 | 2 | @aCN@b辽宁北配@c20231205 |
| 905 | @aBZT@dG239.29@e4:3 | |
| 中国出版通史.3.隋唐五代卷/曹之著.-北京:中国书籍出版社,2008 |
| 485页:图,书影;25cm |
| 国家社会科学基金重点项目 |
| ISBN 978-7-5068-1785-1:64.00CNY |
| 本书内容包括:隋代图书编撰、唐代出版的历史背景、五代十国的图书出版与流通等。 |
| ● |
| 相关链接 |
|
|
|
正题名:中国出版通史
索取号:G239.29/4:3
 
预约/预借
| 序号 | 登录号 | 条形码 | 馆藏地/架位号 | 状态 | 备注 |
| 1 | 2001571903 | 2001571903 | 辽三/辽宁北配(第三批)/1612/ [索取号:G239.29/4:3] | 在馆 | |
| 2 | 2001571904 | 2001571904 | 辽三/辽宁北配(第三批)/1612/ [索取号:G239.29/4:3] | 在馆 | |
| 3 | 2001571905 | 2001571905 | 辽三/辽宁北配(第三批)/1612/ [索取号:G239.29/4:3] | 在馆 | |
| 4 | 2001571906 | 2001571906 | 辽三/辽宁北配(第三批)/1612/ [索取号:G239.29/4:3] | 在馆 | |
| 5 | 2001571907 | 2001571907 | 辽三/辽宁北配(第三批)/1612/ [索取号:G239.29/4:3] | 在馆 | |
| 6 | 2001571908 | 2001571908 | 辽三/辽宁北配(第三批)/1612/ [索取号:G239.29/4:3] | 在馆 | |
| 7 | 2001571909 | 2001571909 | 辽三/辽宁北配(第三批)/1612/ [索取号:G239.29/4:3] | 在馆 | |
| 8 | 2001571910 | 2001571910 | 辽三/辽宁北配(第三批)/1612/ [索取号:G239.29/4:3] | 在馆 | |
| 9 | 2001571911 | 2001571911 | 辽三/辽宁北配(第三批)/1612/ [索取号:G239.29/4:3] | 在馆 | |
| 10 | 2001571912 | 2001571912 | 辽三/辽宁北配(第三批)/1612/ [索取号:G239.29/4:3] | 在馆 | |
| 11 | 2001571913 | 2001571913 | 辽三/辽宁北配(第三批)/1612/ [索取号:G239.29/4:3] | 在馆 | |
| 12 | 2001571914 | 2001571914 | 辽三/辽宁北配(第三批)/1612/ [索取号:G239.29/4:3] | 在馆 | |
| 13 | 2001571915 | 2001571915 | 辽三/辽宁北配(第三批)/1612/ [索取号:G239.29/4:3] | 在馆 | |
| 14 | 2001571916 | 2001571916 | 辽三/辽宁北配(第三批)/1612/ [索取号:G239.29/4:3] | 在馆 | |
| 15 | 2001571917 | 2001571917 | 辽三/辽宁北配(第三批)/1612/ [索取号:G239.29/4:3] | 在馆 |